| 000 | 01219nam a2200229Ia 4500 | ||
|---|---|---|---|
| 999 |
_c48577 _d48577 |
||
| 001 | 15476 | ||
| 003 | GE_BSU | ||
| 005 | 20241129173030.0 | ||
| 008 | 181216s2020||||ge |||||||||||||| ||geo|| | ||
| 040 | _cGE_BSU | ||
| 041 | _ageo | ||
| 080 | _a343.132(075.8) ფ-32 | ||
| 100 |
_aფაფიაშვილი, შოთა _93829 |
||
| 245 |
_aშემთხვევის ადგილის დათვალიერება : _b[სახელმძღვ. იურიდ. ფაკ-ტის სტუდ.] / _hშოთა ფაფიაშვილი, თემურ ინაიშვილი ; [რედ. ; ტარიელ ქათამაძე]. |
||
| 264 |
_aბათუმი : _bშპს ”იურიდიული ლიტერატურა”, _c2002. |
||
| 300 |
_a136 გვ. : _bსურ. ; _c20 სმ. |
||
| 504 | _aბიბლიოგრ. : გვ. 133-134 | ||
| 653 | _aშემთხვევის ადგილის დათვალიერება | ||
| 700 |
_aინაიშვილი, შოთა _eავტორი _923838 |
||
| 700 |
_aქათამაძე, ტარიელ _eრედაქტორი _923839 |
||
| 942 |
_cBK _2udc |
||